000 01006nam a2200229 i 4500
001 100482
003 ES-MaACL
005 20250816085017.0
007 t|
008 050928s1919 it ||||1| ita d
100 1 _aMassi, Ercole G.
_978811
245 1 0 _aDescrizione illustrata dei Musei dell'antica scultura greca e romana nel Palazzo Vaticano, con aggiunta dei Musei gregoriano-etrusco ed egizio, del Gabinetto de monumenti assiri, della Galleria degli arazzi di Raffaello, delle Sale borgia e delle Carte geografiche d'Italia /
_cE.G. Massi.
250 _aNovella ed., accresciuta e corr. con i recenti cambiamenti.
260 _aRoma :
_b[s.n.],
_c1919 (
_fTip. dell' Unione Editrice)
300 _a108 p. :
_bil. ;
_c19 cm.
650 7 _aEscultura griega
_2embne
_912443
650 7 _aEscultura romana
_2embne
_9136052
650 _aMuseos-
_zCiudad del Vaticano.
_915365
650 4 _aArte-
_zCiudad del Vaticano.
_9173335
852 _aES-MaACL
_j1553-F-11
999 _c100482
_d100482